000 00257nam a2200097Ia 4500
008 230915s9999 xx 000 0 und d
050 _aHD31.W45 2008
100 _aweihrich, heinz
245 0 _aMANAGEMENT:A GLOBAL AND ENTREPRENEURIAL PERSPECTIVE
942 _cBK
999 _c76621
_d76621